000 00564cam a2200181 a 4500
040 _cGPO
082 _a333 ADB 2014 C111 Or.
110 1 _aUnited States.
245 1 0 _aClimate change and Rural Communities in the Greater Mekong Subregion
300 _av, 116 pages :
_bdigital, PDF file
500 _aTitle from title screen (viewed on Dec. 24, 2008).
500 _a"Serial No. 110-20."
650 0 _aClimatic changes.
650 0 _aGlobal warming
650 0 _aGreenhouse gas mitigation
856 4 0 _uhttps://purl.fdlp.gov/GPO/LPS106842
942 _cAEDBB
999 _c20905
_d20905